Phare 1994 Annual Report From the European Commission

Uložené v:
Podrobná bibliografia
Médium: Kniha
Jazyk:English
Vydavateľské údaje: Luxembourg Office for Official Publications of the European Communities 1995
Vydanie:1. ed.
Predmet:
Tagy: Pridať tag
Žiadne tagy, Buďte prvý, kto otaguje tento záznam!

MARC

LEADER 00000nam a2200000 4500
001 c017372
005 20221205133359.4
020 |a 92-77-92087-4 
041 0 |a eng 
044 |a LU 
245 1 0 |a Phare 1994 Annual Report  |b From the European Commission 
250 |a 1. ed. 
264 1 |a Luxembourg  |b Office for Official Publications of the European Communities  |c 1995 
300 |a 51 s. 
610 2 0 |a Európska únia 
610 2 0 |a stredná Európa 
610 2 0 |a východná Európa 
610 2 0 |a podpory 
610 2 0 |a vývoj hospodársky 
610 2 0 |a transformácia 
610 2 0 |a kooperácia hospodárska medzinárodná 
610 2 0 |a spolupráca hospodárska medzinárodná 
610 2 0 |a integrácia ekonomická 
610 2 0 |a konsolidácia